000 00580nam a22002057a 4500
999 _c22391
_d22391
003 AR-CdUCM
008 190509b ||||| |||| 00| 0 spa d
020 _a9786124270338
040 _aMUNICIPALIDAD PROVINCIAL DEL CUSCO
_cBIBLIOTECA MUNICIPAL DEL CUSCO
082 _a869.56/M795C
_bM795C
100 _aMora, Tulio
_938014
245 _aCementerio general /
_cTulio Mora
260 _aLima :
_bLumen,
_c2020.
300 _a223 páginas. :
_c21 cm.
500 _aPoesía
650 _aPoesías peruanas
_91481
650 _aSiglo XX
_98
942 _2ddc
_cLIBROS
945 _arac